Les 100 prénoms masculins les plus donnés en 2007 - Statistiques

Statistiques générales
  • Ce quiz a été pris 588 fois
  • Le résultat moyen est 55 sur 100
Statistiques - réponses
# 1ère lettre Prénom % Correct
19 L Léo
87%
92 L Luca
87%
8 T Théo
87%
22 P Paul
86%
5 L Louis
85%
28 Q Quentin
85%
6 T Thomas
84%
3 N Nathan
83%
23 A Antoine
82%
2 L Lucas
82%
7 H Hugo
81%
20 J Jules
81%
41 J Julien
80%
13 M Maxime
80%
21 A Alexandre
79%
15 G Gabriel
76%
1 E Enzo
75%
4 M Mathis
75%
30 N Noa
74%
32 R Romain
74%
49 P Pierre
73%
71 K Kévin
72%
89 M Matthieu
72%
12 T Tom
72%
33 V Valentin
71%
84 W William
69%
26 A Alexis
68%
56 M Mathieu
68%
44 V Victor
68%
24 B Baptiste
67%
17 A Arthur
66%
14 C Clément
66%
16 E Ethan
66%
10 M Mathéo
66%
11 Y Yanis
66%
52 N Noé
65%
9 R Raphaël
65%
39 N Nicolas
64%
18 N Noah
64%
90 J Jean
62%
31 M Maxence
62%
97 Y Yann
62%
35 M Mattéo
61%
27 A Axel
59%
38 K Kylian
58%
67 B Bastien
56%
48 S Simon
56%
68 A Anthony
55%
53 B Benjamin
55%
42 S Samuel
55%
46 T Timéo
55%
99 C Charles
54%
60 F Florian
54%
34 M Maël
54%
51 M Martin
54%
25 E Evan
53%
74 K Killian
53%
50 A Adrien
52%
82 D David
52%
57 C Corentin
51%
43 N Nolan
51%
54 G Gabin
50%
37 M Mohamed
50%
93 R Rémi
50%
36 S Sacha
49%
77 T Thibault
49%
78 G Guillaume
48%
59 M Mathias
47%
29 A Adam
45%
47 E Estéban
45%
79 E Eliott
44%
98 O Oscar
44%
58 T Titouan
44%
55 D Dylan
43%
72 M Matéo
43%
95 J Jérémy
42%
62 R Robin
42%
64 A Antonin
41%
76 D Dorian
39%
45 M Mathys
39%
61 T Tristan
39%
87 G Gaspard
38%
40 R Rayan
36%
91 L Loïc
33%
81 M Marius
33%
96 N Noam
33%
75 I Ilan
32%
65 E Erwan
31%
66 L Lilian
30%
83 A Aaron
28%
100 A Augustin
28%
86 R Ryan
27%
70 L Lenny
25%
85 D Diego
24%
63 L Lorenzo
23%
88 S Sofiane
19%
94 R Rafaël
18%
73 I Ilyes
16%
80 M Mehdi
15%
69 A Amine
11%
Aucun quiz correspondant
Distribution des résultats
% des personnes avec chaque résultat
Percentile par nombre de réponses
Votre historique - résultats
Vous n’avez pas pris ce quiz